| 000 | 00447nam a2200169 a 4500 | ||
|---|---|---|---|
| 005 | 20231115063557.0 | ||
| 008 | 991125s1977 mos 000 0 spa u | ||
| 035 | _aUPN01000056561 | ||
| 049 | _aCG | ||
| 050 | 4 |
_aDK254 L3 _bT3.2 |
|
| 100 | 1 |
_aLenin, Vladimir Ilich, _d1870-1924 |
|
| 245 | 1 | 4 |
_aLas tesis de Abril / _cLenin.. |
| 260 |
_aMoscĂș : _bProgreso, _c1977 |
||
| 300 | _a67 p. | ||
| 650 | 4 |
_aMaterialismo dialéctico _94555 |
|
| 905 | _aLibro | ||
| 999 |
_c56561 _d56561 |
||